Handbook of Ecological Indicators for Assessment of Ecosystem Health / (Record no. 74)

MARC details
000 -LEADER
fixed length control field 00845nam a2200265 a 4500
001 - CONTROL NUMBER
control field 00010919
005 - DATE AND TIME OF LATEST TRANSACTION
control field 20251029192208.0
008 - FIXED-LENGTH DATA ELEMENTS--GENERAL INFORMATION
fixed length control field 110328s2005 flua g f 000 0 eng d
020 ## - INTERNATIONAL STANDARD BOOK NUMBER
ISBN 1566706653 :
Terms of availability TK11678.00
040 ## - CATALOGING SOURCE
Original cataloging agency BD-DhIUB
Transcribing agency BD-DhIUB
082 04 - DEWEY DECIMAL CLASSIFICATION NUMBER
Classification number 577.27
Edition number 19
100 1# - MAIN ENTRY--PERSONAL NAME
Personal name Jorgensen, Sven E
245 00 - TITLE STATEMENT
Title Handbook of Ecological Indicators for Assessment of Ecosystem Health /
Statement of responsibility, etc Sven E Jorgensen, Robert Costanza, Fu-Liu (editors) Xu
250 ## - EDITION STATEMENT
Edition statement 1st ed.
260 ## - PUBLICATION, DISTRIBUTION, ETC. (IMPRINT)
Place of publication, distribution, etc Boca Raton :
Name of publisher, distributor, etc Taylor and Francis,
Date of publication, distribution, etc 2005.
300 ## - PHYSICAL DESCRIPTION
Extent 439p. :
Other physical details illus ;
Dimensions 24cm
520 0# - SUMMARY, ETC.
Summary, etc Environment Management
556 ## - INFORMATION ABOUT DOCUMENTATION NOTE
Information about documentation note 2005\09\19
526 ## - STUDY PROGRAM INFORMATION NOTE
Department Public Health
650 17 - SUBJECT ADDED ENTRY--TOPICAL TERM
Topical term or geographic name as entry element Environmental indicators
Source of heading or term Spines
650 17 - SUBJECT ADDED ENTRY--TOPICAL TERM
Topical term or geographic name as entry element Ecosystem health
Source of heading or term Spines
700 1# - ADDED ENTRY--PERSONAL NAME
Personal name Costanza, Robert
700 1# - ADDED ENTRY--PERSONAL NAME
Personal name Xu, Fu-Liu (editors)
Holdings
Withdrawn status Lost status Source of classification or shelving scheme Damaged status Not for loan Collection code Home library Current library Shelving location Date acquired Source of acquisition Cost, normal purchase price Total Checkouts Full call number Barcode Date last seen Copy number Price effective from Koha item type
    Dewey Decimal Classification     Non-fiction Library, Independent University, Bangladesh (IUB) Library, Independent University, Bangladesh (IUB) Reserve Shelf 21/04/2011   0.00   577.27 H236 2005 016650 11/05/2011 1 11/05/2011 Books